Návrh zlepšenia uplatňovania vedomostného manažmentu v podniku ZF SACHS Slovakia, a.s. Trnava

Guardado en:
Detalles Bibliográficos
Autor principal: Tančibok, Tomáš, 1985- (Autor)
Otros Autores: Šujanová, Jana, 1961- (Orientador)
Formato: Manuscrito Libro
Lenguaje:eslovaco
Publicado: STU v Bratislave MTF UPMK, 2010
Materias:
Acceso en línea:VAIS
Etiquetas: Agregar Etiqueta
Sin Etiquetas, Sea el primero en etiquetar este registro!

MARC

LEADER 00000ntm a22000003a 4500
001 stu206558
005 20160719160214.7
008 100707s2010------------------------slo-d
040 |a STU  |b slo 
041 0 |a slo 
100 1 |a Tančibok, Tomáš,  |d 1985-  |4 aut  |X 26708  |7 A000026708 
242 0 0 |a Proposal of improvement for knowledge management utilization in ZF Sachs Slovakia a. s. Trnava  |y eng 
245 1 |a Návrh zlepšenia uplatňovania vedomostného manažmentu v podniku ZF SACHS Slovakia, a.s. Trnava 
260 |b STU v Bratislave MTF UPMK,  |c 2010 
650 7 |a proces  |2 stusub 
700 1 |a Šujanová, Jana,  |d 1961-  |4 ths  |u M4000  |U MTF Materiálovotechnologická fakulta  |T MTF Ústav priemyselného inžinierstva a manažmentu  |X 2306  |U M4000  |Y 84  |7 A000002306 
856 4 |a info a plný text  |u http://is.stuba.sk/zp/portal_zp.pl?podrobnosti=58380  |3 VAIS 
996 |c M*DP-9476  |l MMSKP  |s P  |a 0  |w stu206558_0001